[Event "Haifa"]
[Site "Haifa"]
[Date "1996.??.??"]
[Round "5"]
[White "Svidler, Peter"]
[Black "Psakhis, Lev"]
[Result "1/2-1/2"]
[WhiteElo "2630"]
[BlackElo "2610"]
[Annotator "Alterman,B"]
[PlyCount "44"]
[EventDate "1996.06.??"]
[EventType "tourn"]
[EventRounds "7"]
[EventCountry "ISR"]
[EventCategory "14"]
[SourceTitle "CBM 054"]
[Source "ChessBase"]
[SourceDate "1996.10.01"]
[SourceVersion "1"]
[SourceVersionDate "1996.10.01"]
[SourceQuality "1"]

1. e4 e6 2. d4 d5 3. Nd2 c5 4. Ngf3 cxd4 5. exd5 Qxd5 6. Bc4 Qd6 7. O-O Nf6 8.
Nb3 Nc6 9. Nbxd4 Nxd4 10. Nxd4 Bd7 11. b3 (11. Nb5 Qxd1 12. Rxd1 Rc8) (11. c3)
11... O-O-O 12. Bb2 Qc7 13. Qe2 h5 14. h3 (14. Nf3 Ng4 15. Rad1 Bd6 16. h3 Bc6
$1 17. Rfe1 (17. Rxd6 Qxd6 18. hxg4 hxg4 19. Ne5 Rh4 $17) 17... Bc5 $13 18.
Rxd8+ Qxd8 19. Bxe6+ $1 fxe6 20. Qxe6+ Kb8 21. hxg4 {Yandemirov,V-Vainerman,A/
Lvov/1986/}) 14... Ng4 15. Nf3 Bd6 $6 (15... Bc6 $1 16. Rfd1 (16. Ne5 Nxe5 (
16... Ba3 $1 17. hxg4 $2 (17. Bxa3 $8 Nxe5 18. Rad1 Nxc4 19. Qxc4 $10) 17...
Bxb2 18. Nxf7 hxg4 19. Bxe6+ Kb8 $19) 17. Bxe5 Bd6 18. Bxd6 Qxd6 19. Rad1 Qc5
20. Rxd8+ Rxd8 21. Rd1 Rxd1+ 22. Qxd1 h4 $10 {Geller,E-Arkhipov,S/Moscow/1986/}
) 16... Bc5 17. Rxd8+ (17. hxg4 hxg4 18. Be5 $1 Rxd1+ {[#]} (18... gxf3 19.
Bxc7 fxe2 20. Rxd8+) 19. Qxd1 Qe7 (19... Bxf3 20. Bxc7 Bxd1 21. Bg3 $1 Rd8 22.
Bd3) (19... Qb6 20. Nd4 Qd8 21. Qxg4 Rh4 22. Nxc6 $1 Qh8 23. Qxe6+ $18) 20. Nh2
Qg5 $1 (20... Qh4 $2 21. Qxg4 $1) (20... Rxh2 21. Bxh2 Qh4 22. Qf1 g3) 21. Bg3
Rxh2 $1 22. Bxh2 (22. Kxh2 Qh6+ 23. Kg1 Bxg2 $19) 22... g3 23. Bxg3 Qxg3 24.
Qf1 Qf4 (24... b5 25. b4 Bb6 26. Be2 g5 27. Rc1 g4 28. c4 Qh4 29. Bxg4) 25. Rd1
Bd6 26. Rxd6 {Kopylov,I-Kahn,A/EU-ch (corr)/1989/91/}) 17... Qxd8 18. Rf1 (18.
hxg4 hxg4 19. Bxe6+ fxe6 20. Qxe6+ Bd7 $5 (20... Kb8 $5 21. Qxg4 Bxf3 $1 22.
Qxf3 Rf8 $1 $10 {(Glek 89)}) 21. Qc4 gxf3 22. Qxc5+ Bc6 23. Qd4 $2 (23. Qf5+ $1
Qd7 24. Qxd7+ Kxd7 25. g3 Rg8 $44 {(Glek 89)}) 23... Qxd4 24. Bxd4 fxg2 25. f3
Bxf3 26. Bxg7 Rh1+ 27. Kf2 Kd7 28. Rg1 $6 (28. Bd4 a6 29. Re1 $1 $15 {(Glek 89)
}) 28... Be4 $17 {(Glek 89)} 29. Bd4 a6 30. c3 Ke6 31. a4 Kf5 32. b4 Rh3 $1 33.
b5 $5 a5 34. Re1 Rd3 $1 35. Kg1 Rd2 36. Ra1 Kg4 $1 37. Bb6 Rd6 $1 $19 38. Bxa5
Rh6 39. Kf2 Rf6+ 40. Kg1 Rh6 41. Kf2 b6 $1 42. Re1 Rf6+ 43. Kg1 Kf3 $1 {
Lanka,Z-Glek,I/Moscow-ch/0:1/1989/}) 18... Rh6 19. Bb5 Bxf3 20. Qxf3 Qd6 21. g3
Nxf2 22. Rxf2 Rg6 23. Kf1 Rxg3 24. Qxh5 Bxf2 25. Be5 Rg1+ 26. Kxf2 Qc5+ 27. Kf3
Qxb5 28. c4 Qc6+ 29. Ke3 Re1+ 30. Kd2 Qe4 31. Qh8+ Kd7 32. Qb8 Qe3+ 33. Kc2
Qc1+ 34. Kd3 Re3+ 35. Kd4 Qc3+ 36. Kc5 b6+ {Matulovic,M-Marjanovic,S/JUG/1986/
0:1/40/}) 16. Rfe1 (16. Rfd1 Bc6 17. hxg4 hxg4 18. Ne5 Rh6 19. Nxg4 Rh4 20.
Bxg7 Bh2+ 21. Kf1 Bd6 22. f4 Rg8 23. Bxe6+ Kb8 24. Rxd6 Rxg7 25. Qe5 Rg8 26.
Bxf7 Rf8 27. Nf2 Rh2 28. Rad1 Rhh8 29. Bd5 Re8 30. Re6 Bxd5 31. Rxe8+ {Peptan,
C-Hagarova,Z/WchJW Bratislava/1993/}) 16... Bc6 17. Ne5 $6 (17. hxg4 $1 hxg4 (
17... Bxf3 18. Qxf3 hxg4 19. Qxg4 Bh2+ 20. Kf1 $18) 18. Ne5 g3 $1 (18... Rh5
19. Nxf7 Bh2+ 20. Kf1 Be5 21. Bxe6+ Kb8 22. Qxe5 $18) (18... Rh4 19. Nxf7) 19.
Bd4 (19. Qe3) 19... Bb4 (19... gxf2+ 20. Qxf2 Be8 21. Rad1 $18) (19... Rh2 20.
Nxc6 Qxc6 (20... Rdh8 $2 21. Bxe6+ $1 fxe6 22. Qxe6+ Qd7 23. Qxd7+ Kxd7 24.
fxg3 Kxc6 (24... Bxg3 25. Ne5+ Kc7 26. Kf1 $18)) 21. Qf3 Qxf3 (21... Qc7 22.
Rad1 Rdh8 23. Kf1 $16) 22. gxf3 Rdh8 (22... g2 $5 23. Rad1 Bc7 $14) 23. fxg3
$18 Bxg3 24. Re2) 20. c3 Rxd4 21. cxd4 $18) 17... Nxe5 18. Bxe5 Bxe5 $10 (18...
h4 $6 19. Bxd6 Qxd6 20. Rad1 Qf4 21. Bb5 Bxb5 22. Qxb5 g5 23. Qa5 a6 24. Kf1
Rhg8 25. Rxd8+ Rxd8 26. Qc5+ Kb8 27. Qe5+ Qxe5) 19. Qxe5 Qxe5 20. Rxe5 h4 21.
Rae1 Rd4 22. Bd3 Rhd8 1/2-1/2

[Event "Oakham YM"]
[Site "Oakham"]
[Date "1992.??.??"]
[Round "5"]
[White "Adams, Michael"]
[Black "Djurhuus, Rune"]
[Result "1-0"]
[WhiteElo "2620"]
[BlackElo "2420"]
[Annotator "Anand,V"]
[PlyCount "57"]
[EventDate "1992.03.??"]
[EventType "swiss"]
[EventRounds "9"]
[EventCountry "ENG"]
[SourceTitle "CBM 030"]
[Source "ChessBase"]
[SourceDate "1992.10.01"]
[SourceVersion "1"]
[SourceVersionDate "1992.10.01"]
[SourceQuality "1"]

1. e4 e6 2. d4 d5 3. Nd2 c5 4. exd5 Qxd5 5. Ngf3 cxd4 6. Bc4 Qd6 7. O-O Nf6 8.
Nb3 Nc6 9. Nbxd4 Nxd4 10. Nxd4 Bd7 11. c3 Qc7 12. Qe2 O-O-O (12... Bd6 13. Nb5
Bxb5 14. Bxb5+ Ke7 15. g3 (15. h3 Bh2+ 16. Kh1 Bf4) 15... h5 16. Bg5 h4 $1 17.
Bxh4 Rxh4 18. gxh4 Rh8 $44) 13. a4 Bd6 14. g3 h5 15. Nb5 Bxb5 16. axb5 b6 $2 (
16... Kb8 17. Be3 Bc5 18. Bf4 Bd6 $14) 17. Ra4 Kb8 (17... h4 18. Qf3 $14 (18.
Bxe6+ fxe6 19. Rc4 Bc5 20. b4 (20. Bf4 e5 21. Bxe5 Rde8) 20... hxg3 21. bxc5
gxh2+ (21... g2 22. cxb6 gxf1=Q+ 23. Kxf1 axb6 24. Qxe6+ $18) 22. Kh1 bxc5 23.
Qxe6+ $13)) 18. Bg5 $16 h4 19. Bxh4 Qc5 (19... Rxh4 20. gxh4 Rh8 21. Rfa1 $18)
20. Bxf6 gxf6 21. Rfa1 Rd7 22. Qf3 $1 {PBc4-f1-g2+-} Rh5 23. Bd3 (23. Bf1 Qd5
24. Qxf6 Bc5) 23... Qd5 24. Be4 Qe5 25. Bc6 Rc7 26. Rd4 $1 {Mickey is usually
ruthlessly efficient in these positions but it's not a very difficult task.
White has all the trumps} Rh8 27. b4 Be7 28. Qd3 f5 29. Bg2 $1 1-0

[Event "Vojvodina-ch 5th"]
[Site "Novi Sad"]
[Date "2014.07.14"]
[Round "4"]
[White "Liou, Yian"]
[Black "Atalik, Suat"]
[Result "1/2-1/2"]
[WhiteElo "2387"]
[BlackElo "2550"]
[Annotator "Atalik,S"]
[PlyCount "31"]
[EventDate "2014.07.12"]
[EventType "swiss"]
[EventRounds "9"]
[EventCountry "YUG"]
[SourceTitle "CBM 163"]
[Source "ChessBase"]
[SourceDate "2014.11.11"]
[SourceVersion "1"]
[SourceVersionDate "2014.11.11"]
[SourceQuality "1"]

1. e4 e6 2. d4 d5 3. Nd2 c5 {After my experience with the Indian American, I
have decided to play as safe as possible against the Chinese American.} 4. Ngf3
{The principal move.} Nf6 5. exd5 Nxd5 $5 {A lame line} 6. Nb3 {Keres and
Ivkov made this line popular in 1950's.} cxd4 (6... Nd7 7. g3 Be7 8. dxc5 Nxc5
9. Bg2 O-O 10. O-O $14) 7. Nbxd4 Qb6 $5 8. c3 (8. a3 {looks like being the
most critical move.} Be7 9. c4 Nf6 10. b4 a5 11. c5 Qd8 12. Bb5+ Bd7 13. Bxd7+
Qxd7 14. Bb2 O-O 15. O-O axb4 16. axb4 Rxa1 17. Qxa1 Nc6 18. Nxc6 bxc6 {
does not put a scare though.}) 8... Bc5 9. Bc4 $146 Nc6 10. Bxd5 Nxd4 (10...
exd5 11. Qe2+ Kf8 12. Be3 Bg4 13. O-O-O {is too risky for Black.}) 11. Nxd4 {
This is expected by the over solid kid from Bay area.} ({He could have tried} 
11. cxd4 Bb4+ 12. Bd2 Bxd2+ 13. Qxd2 exd5 14. O-O O-O 15. Rac1 Qd6 16. Rfe1 f6
17. h3 Bd7 $14) 11... Bxd4 12. Qxd4 Qxd4 13. cxd4 exd5 14. Bf4 Bd7 15. Rc1 Bc6
16. Kd2 {Nothing to write home about!} 1/2-1/2

[Event "EU-ch 2nd"]
[Site "Ohrid"]
[Date "2001.06.03"]
[Round "3"]
[White "Nisipeanu, Liviu Dieter"]
[Black "Atalik, Suat"]
[Result "1/2-1/2"]
[WhiteElo "2596"]
[BlackElo "2537"]
[Annotator "Atalik,S"]
[PlyCount "35"]
[EventDate "2001.06.01"]
[EventType "swiss"]
[EventRounds "13"]
[EventCountry "YUG"]
[SourceTitle "CBM 084"]
[Source "ChessBase"]
[SourceDate "2001.09.13"]
[SourceVersion "1"]
[SourceVersionDate "2001.09.13"]
[SourceQuality "1"]

1. e4 e6 2. d4 d5 3. Nd2 a6 {A line usually chosen by Predrag.Alex also uses
it succesfully if he goes for the French.} 4. Ngf3 c5 5. dxc5 Bxc5 6. Bd3 Ne7
7. Qe2 Nbc6 8. a3 Ba7 {Delaying the castle.} 9. Nb3 (9. b4 Ng6 10. g3 O-O 11.
Bb2 f5 12. exf5 exf5 $40) 9... O-O 10. e5 Ng6 11. Bxg6 fxg6 12. Bd2 a5 $1 {
Not allowing any bind on d4.} 13. Bc3 g5 14. h3 a4 15. Nbd4 Bxd4 16. Nxd4 Nxd4
17. Bxd4 Bd7 18. O-O {With a deadlock.} (18. O-O Rc8 19. f3 Be8 20. c3 Qd7 $11)
1/2-1/2

[Event "Novi Sad TS 80th"]
[Site "Novi Sad"]
[Date "2018.07.02"]
[Round "3"]
[White "Peng, Shunkai"]
[Black "Atalik, Suat"]
[Result "1/2-1/2"]
[WhiteElo "2390"]
[BlackElo "2512"]
[Annotator "Atalik,S"]
[PlyCount "57"]
[EventDate "2018.06.30"]
[EventType "tourn"]
[EventRounds "9"]
[EventCountry "SRB"]
[EventCategory "7"]
[SourceTitle "CBM 186"]
[Source "ChessBase"]
[SourceDate "2018.09.14"]
[SourceVersion "1"]
[SourceVersionDate "2018.09.14"]
[SourceQuality "1"]

1. e4 e6 2. d4 d5 3. Nd2 c5 4. Ngf3 cxd4 5. exd5 Qxd5 6. Bc4 Qd6 7. O-O (7. Qe2
Nf6 8. Nb3 Nc6 9. Bg5 Qb4+ 10. Bd2 Qb6 11. O-O-O Bd7 {sounds solid.}) 7... Nf6
8. Nb3 Nc6 9. Nbxd4 Nxd4 10. Nxd4 Bd7 $5 11. b3 a6 12. a4 (12. Bb2 $142 {
may turn out to win a tempo useful for the attack.} Qf4 13. g3 Qc7 14. Qe2 Be7
15. Rfe1 {No matter which move and move order is applied Black should only be
afraid of Nf5.} (15. Rad1 Rd8 16. Rfe1 Bc8 17. Bd3) 15... Qc5 16. Bd3 $1 O-O
17. Nf5 Bd8 18. Nxg7 $140 $2 (18. Bd4 Qa5) 18... Qg5 $1) 12... Rd8 13. Bb2 $146
(13. Ba3 Qf4 14. Bxf8 Kxf8 15. Bxe6 $2 Bc6) 13... Qf4 14. g3 Qc7 15. Qe2 Be7
16. Rad1 (16. Rfe1 Bc8 17. Bd3 $1 Rd7) 16... Bc8 (16... O-O $2 17. Nf5 $1) 17.
Nf3 O-O $11 18. Ne5 a5 (18... b6 $142) 19. Ng4 Rxd1 20. Rxd1 Rd8 21. Nxf6+ Bxf6
22. Bxf6 Rxd1+ 23. Qxd1 gxf6 24. Qg4+ Kf8 25. Qh4 Kg7 {Black can not avoid the
repetition.} (25... Qe5 $2 26. Qxh7 Bd7 27. Qd3 Qe1+ (27... Bc6 28. f3) 28. Qf1
) 26. Bd3 h6 27. Qg4+ Kf8 28. Qh4 Kg7 (28... Qe5 $2 29. Qxh6+ Ke7 30. Qe3) 29.
Qg4+ 1/2-1/2

[Event "Bucharest Super"]
[Site "Bucharest"]
[Date "1996.??.??"]
[Round "?"]
[White "Istratescu, Andrei"]
[Black "Atalik, Suat"]
[Result "1/2-1/2"]
[WhiteElo "2500"]
[BlackElo "2535"]
[Annotator "Atalik,S"]
[PlyCount "60"]
[EventDate "1996.??.??"]
[EventType "tourn"]
[EventRounds "9"]
[EventCountry "ROU"]
[EventCategory "12"]
[SourceTitle "EXT 1999"]
[Source "ChessBase"]
[SourceDate "1998.11.16"]
[SourceVersion "1"]
[SourceVersionDate "1998.11.16"]
[SourceQuality "1"]

1. e4 e6 2. d4 d5 3. Nd2 c5 4. exd5 Qxd5 5. Ngf3 cxd4 6. Bc4 Qd6 7. O-O Nf6 8.
Nb3 Nc6 9. Nbxd4 Nxd4 10. Qxd4 Bd7 11. Bf4 Qxd4 12. Nxd4 Rc8 13. Be2 Bc5 (13...
Nd5) 14. Nb3 Bb6 15. c3 Ke7 16. a4 Nd5 $1 (16... a6) 17. Bg3 a5 18. Rfd1 g5 19.
Be5 $1 (19. Bf3 Nf4 20. Bxf4 gxf4 21. Bxb7 Rb8 22. Bf3 Bxf2+ 23. Kxf2 Rxb3 24.
Rd2 Rhb8 25. Ra2 e5) 19... Rhd8 $1 (19... f6 $6 20. Bd4 $16) 20. Bf3 Rc4 $1 (
20... f6 21. Bd4) (20... Bc6 21. Nd4) 21. Bxd5 exd5 22. Rxd5 $1 (22. Bd4 Bxd4
23. Rxd4 Rxd4 24. Nxd4 Rc8 $36) 22... Rxa4 23. Re1 $1 (23. Rxa4 Bxa4 24. Rxd8
Bxd8 $15) (23. Rad1 Bg4 (23... Be6 24. Rxd8 Bxd8 25. Nc5 Ra2 26. Nxb7 Bb6 27.
Bd6+ Kf6 28. Ba3) (23... Bc6 24. Rxd8 Bxd8 25. Bd6+ (25. Nd4 Ra2) 25... Kf6)
24. Rxd8 Bxd8 25. Bd6+ (25. f3 Be6) (25. Re1 Be6 26. Nc5 Ra2 $13) 25... Kf6 26.
f3 Be6 27. Nc5 Bb6) 23... Be6 24. Rb5 Re4 25. Rf1 Bxf2+ 26. Kxf2 $8 Bxb3 27.
Rxb3 $1 Rxe5 28. Rxb7+ Rd7 (28... Ke8 29. Kg3 f5 30. h4 $1 h6 31. hxg5 hxg5 32.
Rh1 Rd3+ 33. Kf2 Rd2+ $11) 29. Rxd7+ Kxd7 30. Ra1 (30. b4 $4 Rf5+ 31. Ke2 Rxf1
32. Kxf1 a4 $19) 30... f5 (30... f5 31. b4 axb4 32. cxb4 Re4 $11) 1/2-1/2

[Event "ISR-chT"]
[Site "Israel"]
[Date "2002.01.26"]
[Round "3"]
[White "Avrukh, Boris"]
[Black "Zifroni, Dov"]
[Result "1-0"]
[WhiteElo "2591"]
[BlackElo "2540"]
[Annotator "Avrukh,B"]
[PlyCount "99"]
[EventDate "2002.01.10"]
[EventType "team"]
[EventRounds "11"]
[EventCountry "ISR"]
[SourceTitle "CBM 089"]
[Source "ChessBase"]
[SourceDate "2002.08.12"]
[SourceVersion "1"]
[SourceVersionDate "2002.08.12"]
[SourceQuality "1"]

1. e4 e6 2. d4 d5 3. Nd2 c5 4. Ngf3 cxd4 5. Nxd4 Nf6 6. exd5 Qxd5 7. Nb5 Na6 8.
c4 Qc6 $1 $146 {[%csl Gg2][%mdl 8] Strange enough, but this logical
continuation is a novelty. Black's queen is placed much better on c6 than on
e5 or f5, where she is getting under attack of white pieces.} (8... Qf5 9. Qf3
(9. Be2 Be7 10. O-O O-O 11. Nd4 Qg6 12. N2f3 Rd8 13. Bd3 Qh5 14. Re1 Qa5 15.
Qe2 (15. a3 $5) 15... Nb4 16. Bb1 Bd7 17. Bf4 Bc6 18. a3 Bxf3 19. Nxf3 Nc6 $11
{0-1 Hunt,H-Peng,Z/Leon 2001/EXT 2002 (40)}) 9... Qxf3 10. Nxf3 Bb4+ 11. Nd2
Bd7 12. a3 Bxd2+ 13. Bxd2 Bxb5 14. cxb5 Nc5 {[%csl Gd2,Gf1][%cal Gc5b3]} 15.
Bc4 Rc8 {[%csl Rc4][%cal Gc5e4]} 16. Rc1 Nce4 17. Bd3 Kd7 18. Be3 Nd5 19. Ke2
Nxe3 20. Bxe4 Nd5 $11 {0-1 Vorobiov,E-Ivanov,S/Maikop 1998/CBM 66/[Hecht] (41)}
) (8... Qe5+ $6 9. Be2 Bd7 (9... Be7 $142) 10. O-O Be7 11. Nf3 Qb8 12. Bg5 {
[%cal Gg5h4,Gh4g3]} Bxb5 13. cxb5 Nc5 14. Qd4 Ncd7 15. Rfd1 O-O 16. Bd3 e5 17.
Qh4 Bd6 18. Bf5 $16 {1-0 Gasanov,E-Turkin,V/Voronezh 2001/EXT 2002 (32)}) 9. a3
$1 {[%csl Ga6] This is the only idea to fight for an advantage - to play
against black's knight on a6.} (9. Be2 $2 Qxg2 10. Bf3 Qg6 $17) (9. Nf3 $5)
9... Be7 10. b4 {[%csl Ga6]} O-O 11. Nd4 $2 {Missing the strong black
counterplay.} (11. Bb2 $142 e5 $1 (11... Rd8 12. Qc2 (12. Qf3 $5) 12... e5 $1
13. Nf3 (13. O-O-O $140 Ng4 $1 $17 {[%csl Gf2]}) (13. Bxe5 $2 Re8 $17 {[%cal
Ge8e1]}) 13... e4 14. Nfd4 Qe8 15. Be2 $14) 12. Qf3 (12. Bxe5 $2 Ng4 {[%csl
Ge1]}) 12... e4 (12... Bg4 13. Qxc6 bxc6 14. Nc3 Nc7 15. Nb3 $1 Ne6 16. f3 Bf5
17. O-O-O $14 {[%csl Ra7,Rc6]}) 13. Qc3 Bg4 $13) 11... Qd7 $1 (11... Qc7 12.
Bb2 $14) 12. N2f3 (12. Bb2 e5 13. N4f3 e4 14. Nd4 Nc7 $13 {[%cal Ga7a5,Gc7e6]})
12... e5 $2 {[%csl Ge1] Also very interesting, but unfortunately for black it
is the wrong idea.} ({Much better was the logical} 12... Rd8 $1 $32 {[%csl Ge1]
[%cal Gd7d1] Now white really is in big trouble, black has a clear development
advantage, even white's king is in danger. I managed to find the only way for
equality for white:} 13. Qc2 $8 (13. Bb2 $140 $2 {Here black has an unexpected
idea,using white king in the centre} Nxb4 $3 14. axb4 Bxb4+ 15. Ke2 e5 $1 {
[%csl Re2]} 16. Qb3 (16. Nxe5 Qe7 17. f4 Bg4+ $19) (16. Nc2 Qe7 $1 17. Qxd8+
Qxd8 18. Nxb4 Qb6 19. Bc3 Ne4 20. Be1 Nxf2 $1 $17) 16... Qe7 17. Nc2 Bc5 $17 {
[%csl Ge2][%cal Ge5e4]}) (13. Bf4 $2 {Zifroni} e5 $1 14. Bxe5 Nxb4 (14... Ng4
$5 $17) 15. axb4 Bxb4+ 16. Ke2 Ng4 $40 {fritz}) (13. Qb3 e5 14. Nb5 e4 15. Nfd4
Nc7 $36) 13... e5 14. Nb5 e4 15. Nfd4 Nc7 16. Be2 $11 {[%cal Ge1g1]}) 13. Nxe5
Qe8 (13... Re8 {Quite nice, but also not enough} 14. f4 $1 (14. Nxd7 $140 $4
Bxb4#) 14... Bd6 15. Be2 Bxe5 16. fxe5 Rxe5 17. O-O $16 {[%csl Ra6,Gc1,Ge2]})
14. f4 $1 Ng4 (14... Ne4 15. Qf3 $1 $16 (15. Bd3 $140 f6)) 15. Be2 Nxe5 16.
fxe5 Bh4+ 17. g3 Qxe5 $2 {This is already too much, black doesn't get enough
compensation and gets into a lost position.} (17... Bd8 $143 18. O-O (18. Bf4
g5 $1) (18. Nf3 Bh3 19. Qd4 Nc7 $44 {[%csl Ge1]}) 18... Bc7 (18... Qxe5 19. Bf4
$16) 19. Nf3 (19. e6 $5 Bxe6 20. Nxe6 Qxe6 21. Qc2 $14) 19... Bh3 20. Re1 Rd8
21. Qb3 (21. Qc2 Bxe5) 21... Bxe5 22. Nxe5 Qxe5 23. Bf4 Qf6 (23... Qd4+ 24. Qe3
$16) 24. Bf3 $16 {[%csl Gf3,Gf4]}) 18. gxh4 Bg4 19. Bb2 Rfe8 20. Qd2 $6 (20.
Qc2 $1 {wins easily} Qh5 (20... Bxe2 21. Nxe2 Qf4 {[%csl Ge1]} (21... Qh5 22.
Kf2) 22. Rg1 {[%csl Gg7]} f6 23. Rg3 Re7 {[%cal Ga8e8]} (23... Rad8 24. Rd1)
24. Qd2 Qxh4 25. Qd5+ Kh8 26. Kf1 Qxh2 27. Rg2 Qh1+ 28. Kf2 Qh4+ 29. Kg1 $18)
21. Rg1 (21. O-O-O $2 Bxe2 22. Rdg1 f6 $13) 21... Qxh4+ 22. Rg3 Rxe2+ 23. Nxe2
Re8 24. O-O-O Rxe2 25. Qd3 $18) 20... Bxe2 (20... Qh5 21. Rg1 Qxh4+ 22. Rg3 $18
) 21. Nxe2 Qe4 $1 {This is the difference compared with 20.Qc2. Now the black
queen has the important e4-square.} (21... Qh5 22. Rg1 Rad8 (22... Qxh4+ 23.
Kf1 Rad8) 23. Rxg7+ Kf8 24. Qc2 $18 {[%cal Gg7h7,Gh7h8]}) 22. O-O-O (22. Kf2
$143 Rad8 23. Nd4 Re6 $40) 22... Qxe2 23. Qd4 $1 Qe3+ (23... f6 24. Rhg1) 24.
Qxe3 Rxe3 25. Rhg1 $1 {[%csl Gg7] Black won back the piece, but his position
still remains difficult. White has a strong initiative even in the endgame.
And the difference between the black knight and the white bishop is going to
be a decisive factor.} g6 {[%csl Rf6,Rg7,Rh6]} 26. Rd7 {[%cal Gd7b7]} Rc8 27.
c5 b6 28. Rf1 {[%csl Gf7]} (28. Rxa7 bxc5 29. Rxa6 $6 (29. b5 $1 $16) 29...
cxb4+ 30. Kb1 bxa3 31. Rxa3 Re2 $132) (28. Rgd1 $1 bxc5 29. b5 Nb8 30. Rxa7 {
Looks like the best way}) 28... bxc5 29. b5 (29. Rfxf7 cxb4+ 30. Kd2 Rb3 31.
Be5 $1 $18 Nc5 $140 (31... Rd3+ $8 32. Kxd3 Nc5+ 33. Kd4 Nxd7 34. Rxd7 bxa3 35.
Rxa7) 32. Rg7+ Kf8 33. Bd6+ Ke8 34. Rde7+ {mating}) 29... Nc7 30. Rfxf7 (30.
Rdxf7 $143 Re1+ $1) 30... Ne6 31. Kd2 {Complicates the matters a little bit} ({
Another way:} 31. Rxh7 $1 Nd4 32. Rdg7+ Kf8 33. Rxa7 Kg8 34. Kb1 $1 $18) (31.
Bf6 $6 Rf3 $1) 31... Rb3 32. Be5 Rd8 (32... Nd4 $2 33. Rg7+ Kf8 34. Bd6+ Ke8
35. Rde7+) 33. a4 $1 {[%csl Ra7]} ({Nothing gives} 33. Rg7+ Nxg7 34. Rxd8+ Kf7
35. Rd7+ Ke6) 33... c4 34. Rxd8+ Kxf7 35. Rd7+ Ke8 36. Rxa7 Nc5 37. Kc2 $1 (37.
Bd4 $2 Rd3+) 37... h5 38. Bd4 (38. Rc7 $2 Nxa4 39. Rxc4 Rxb5 {[%csl Ge5]})
38... Nd3 39. Bc3 Nc5 (39... Ra3 40. b6 $18) (39... Nf4 40. Rc7 Rxc3+ 41. Kxc3
Nd5+ 42. Kxc4 Nxc7 43. b6 $18) 40. Rc7 $1 $18 Nxa4 41. Rxc4 Ra3 (41... Nxc3 42.
Kxb3 Nxb5 43. Kb4 Nd6 44. Rc6 Kd7 45. Kc5 Ne4+ 46. Kd5 $18 {[%csl Rg6]}) 42.
Bd4 Kf7 43. b6 (43. Rc6 Rh3) 43... Nxb6 44. Bxb6 Ra2+ 45. Kd3 Rxh2 46. Bd8 $1 {
Of course now it's easily winning for white} Rg2 47. Bg5 Kg7 48. Rc7+ Kf8 49.
Ke4 Re2+ 50. Kd5 $138 1-0

[Event "Groningen op"]
[Site "Groningen"]
[Date "1993.??.??"]
[Round "10"]
[White "Berelowitsch, Alexander"]
[Black "Savchenko, Stanislav"]
[Result "1/2-1/2"]
[WhiteElo "2510"]
[BlackElo "2530"]
[Annotator "Berelovich,A"]
[PlyCount "85"]
[EventDate "1993.12.??"]
[EventType "swiss"]
[EventRounds "11"]
[EventCountry "NED"]
[SourceTitle "CBM 040"]
[Source "ChessBase"]
[SourceDate "1994.06.01"]
[SourceVersion "1"]
[SourceVersionDate "1994.06.01"]
[SourceQuality "1"]

1. e4 e6 2. d4 d5 3. Nd2 c5 4. exd5 Qxd5 5. Ngf3 cxd4 6. Bc4 Qd6 7. O-O Nf6 8.
Nb3 Nc6 9. Nbxd4 Nxd4 10. Nxd4 a6 11. Bb3 Qc7 12. Re1 Bd6 13. Nf5 Bxh2+ 14. Kh1
O-O 15. Nxg7 Rd8 16. Qf3 Kxg7 17. Bh6+ Kg6 18. c3 Nd5 19. Bc1 $1 Bf4 $8 20.
Bxd5 Bxc1 21. Be4+ f5 22. Raxc1 fxe4 23. Rxe4 $44 Rd5 (23... e5 24. Qg3+ Kf6
25. f4 $40) (23... h5 $5 $13) 24. Rg4+ Rg5 25. Rxg5+ Kxg5 26. Rd1 (26. Qf8 b5
$1) (26. Re1 $5 $13) 26... Qf4 27. Qd3 e5 (27... Qxf2 28. Rf1 Qh4+ 29. Kg1 $40)
(27... b5 28. Qd8+ Qf6 29. Qb6 $13) 28. Qd8+ Qf6 29. f4+ exf4 (29... Kg6 30.
Qg8+ Kh6 31. fxe5 $13) 30. Rd5+ Kg6 31. Qe8+ (31. Rd6 Be6 32. Qxa8 Qh4+ $10)
31... Kh6 $2 (31... Kg7 32. Rd8 Kh6 $1 33. Rxc8 Rxc8 34. Qxc8 Qh4+ 35. Kg1 (35.
Qh3 $2 Kg5 $1) 35... Qe1+ $10) 32. Qh5+ Kg7 33. Rg5+ Kf8 34. Qh4 $1 Qf7 $8 35.
Qh6+ Ke8 36. Rg7 Qf5 37. Rg8+ $138 (37. Qh4 Qe4 38. c4 $3 $36 (38. Qf6 Qe6 39.
Qxf4 Bd7 40. Qg5 Qe1+ 41. Kh2 Rc8 42. Rxh7 Qe6 $10) (38. Rxh7 Qe5 $1 39. Rh5
Qe4 $1 40. Kh2 Kd7 $13)) 37... Kd7 38. Rg7+ Ke8 39. Rg8+ Kd7 40. Rf8 Qb1+ 41.
Kh2 Qg6 42. Qxf4 Ke7 43. Rh8 (43. g4 Qe6 $10) 1/2-1/2